Impact of fiscal measures on the costs and consequences of unemployment
Vzťah nezamestnanosti, ako sprievodného fenoménu recesie, a fiškálnej politiky krajiny. Dlhodobá nezamestnanosť a jej ekonomické, sociálne a psychologické dôsledky. Aplikácia na slovenské pomery.
Salvato in:
| Autore principale: | |
|---|---|
| Natura: | Capitolo di libro |
| Lingua: | inglese |
| Soggetti: | |
| Tags: |
Nessun Tag, puoi essere il primo ad aggiungerne!!
|
MARC
| LEADER | 00000naa$a2200000$$$4500 | ||
|---|---|---|---|
| 001 | 0231165 | ||
| 005 | 20240712104816.2 | ||
| 041 | 0 | |a eng | |
| 044 | |a TH | ||
| 245 | 1 | 0 | |a Impact of fiscal measures on the costs and consequences of unemployment |c Marta Martincová |
| 520 | |a Vzťah nezamestnanosti, ako sprievodného fenoménu recesie, a fiškálnej politiky krajiny. Dlhodobá nezamestnanosť a jej ekonomické, sociálne a psychologické dôsledky. Aplikácia na slovenské pomery. | ||
| 610 | 2 | 0 | |a nezamestnanosť |
| 610 | 2 | 0 | |a nezamestnanosť dlhodobá |
| 610 | 2 | 0 | |a náklady |
| 610 | 2 | 0 | |a politika fiškálna |
| 610 | 2 | 0 | |a výdavky verejné |
| 610 | 2 | 0 | |a Slovensko |
| 100 | 1 | |a Martincová, Marta, 1955- | |